| 000 | 00517cam a22001457a 4500 | ||
|---|---|---|---|
| 008 | 180718b2003 xxu||||| |||| 00| 0 eng d | ||
| 082 | _aAPPPA 2002-03 DOV/12 | ||
| 100 | _aDoval, S.K. | ||
| 245 |
_aStudy of the morals and ethics in the armed forces: a future perspective _cby S.K. Doval |
||
| 260 |
_aNew Delhi _bIndian Institute of Public Administration _c2003 |
||
| 300 | _a110p. | ||
| 500 | _aAn APPPA M.Phil dissertation, 2002-03 (Guide: S.S. Singh) | ||
| 650 | _aAPPPA | ||
| 650 | _aArmed forces - Ethics - India | ||
| 999 |
_c492686 _d492686 |
||